|
|
|
|
| LEADER |
01199nam a22002537a 4500 |
| 001 |
38332 |
| 003 |
BD-DhAAL |
| 008 |
220417t2018 bg ||||| b||| 001 0 ben d |
| 999 |
|
|
|c 44074
|d 44074
|
| 020 |
|
|
|a 9789849268321
|
| 040 |
|
|
|a BD-DhAAL
|c BD-DhAAL
|
| 041 |
|
|
|a ben
|
| 082 |
|
|
|a 335.1
|2 23
|
| 100 |
|
|
|a উমর, বদরুদ্দীন
|9 48059
|
| 245 |
|
|
|a সমাজতন্ত্রের অনিবার্য ভবিষ্যৎ /
|c বদরুদ্দীন উমর
|
| 246 |
|
|
|a Inexorable future of socialism
|
| 260 |
|
|
|a ঢাকা :
|b বাঙ্গালা গবেষণা প্রকাশনা,
|c ২০১৮.
|
| 300 |
|
|
|a ৩১২ পৃষ্ঠা ;
|c ২২ সে.মি.
|
| 504 |
|
|
|a গ্রন্থপঞ্জিগত নির্দেশিকা ও নির্ঘণ্ট অন্তর্ভুক্ত।
|
| 541 |
|
|
|a Donated By Akbar Ali Khan
|e 38332
|
| 650 |
|
|
|a Socialism.
|9 48060
|
| 852 |
|
|
|a Ayesha Abed Library
|b Akbar Ali Khan Collection
|
| 942 |
|
|
|2 ddc
|c BK
|
| 952 |
|
|
|0 0
|1 0
|2 ddc
|4 0
|6 335_100000000000000_UMA
|7 1
|9 70513
|a BRACUL
|b BRACUL
|c CS1
|d 2022-04-17
|e Donated by Akbar Ali Khan
|l 0
|o 335.1 UMA
|p 3010038332
|r 2022-04-17
|t 1
|w 2022-04-17
|y BK
|